MDQL
is popping MORE tags! Check the
thread
!
Quizzes
Events
Quiz Creation
Community
Videos
Private Events
Remove Ads
Sign In
Join for FREE
Feedback
Dark Mode
Quiz Categories
Sports
Geography
Music
Movies
Television
Just For Fun
Miscellaneous
History
Literature
Language
Science
Gaming
Entertainment
Religion
Holiday
For Kids
Quiz Lab
Recent
Popular Today
Quiz Kudos Today
Editor Picks
Curator Picks
Quizzes by...
Day
Popularity
Type
Ratings
Length
Year
Community
Subscriptions
Recent Discussions
Orange Saloon
Badges
Playlists
Quests
Create
Leaderboards
Showdown
Live 5
Trivia Bingo
Activity
Puzzle Library
Sporcle Events
Private Events
Virtual Trivia
Globe League
Become a Host
Pub Owners
SporcleCon
Opinionation
Our Games
Videos
Blog
Mobile Apps
Partnerships
Remove Ads and Go Orange
Feedback
Music
Pop Music
The Beatles
Song
Album
Lyrics
Bands
Singers
Artist
Clip
Rock
Rap
Classical
Billboard
Country Music
Kpop
Taylor Swift
Music
Pop Music
The Beatles
Song
Album
Lyrics
Bands
Singers
Artist
Clip
Rock
Rap
Classical
Billboard
Country Music
Kpop
Taylor Swift
Random Quiz
Search Sporcle
×
Quiz Lab
Quiz Lab
Music
Kpop
Type in answers that appear in a list
Type in answers that appear in a list
Classic
Best Score? Go Orange.
IKON Quiz Stats
IKON Quiz
By
CT13842
10m
26 Questions
807 Plays
807 Plays
807 Plays
Comments
Comments
Give Quiz Kudos
Give Quiz Kudos
-
- Ratings
hide this ad
Replay
Link that replays current quiz
Next Quiz
Link to next quiz in quiz playlist
You Got
0%
They Got
Avg Score
70%
Avg Friend Score
Upgrade to see
Score Distribution
Jump to the score distribution portion of the page
Score
0/26
Timer
10:00
0
Plays Today
Hint
Answer
% Correct
Who is the leader of IKON?
B.I
98.1%
Who won SMTM3?
Bobby
96.5%
Chanwoo's new stage name is...
Chan
96.2%
Donghyuk's new stage name is...
DK
87.9%
Jinhwan's new stage name is...
Jay
86.6%
Junehoe's stage name is...
Ju-ne
85.7%
Yunhyeong's new stage name is...
Song
85.6%
Who is the maknae of IKON
Chanwoo
84.3%
Who was an actor
Chanwoo
84.3%
IKON' Fandom Name?
IKONIC
81.7%
Hanbin was born on October 22, What year?
1996
77.7%
Song was born on Feb 8, what year?
1995
77.1%
Bobby was born December 21st, what year?
1995
77.1%
Hint
Answer
% Correct
DK was born January 3rd, what year?
1997
76.7%
Junhoe was born March 31st, what year?
1997
76.7%
Chanwoo was born January 26th, what year?
1998
76.1%
Jinhwan was born Feb 7th, what year?
1994
75.7%
Bobby's full name is...
Kim Jiwon
72.6%
Which was first, WIN or M&M?
WIN
69.8%
IKON's Debut song...
My Type
62.9%
What company is IKON under?
YG Entertainment
62.8%
What City in Korea was Hanbin born in?
Seoul
56.4%
Who is the Sassy member?
Junhoe
54%
IKON's Instagram Account
@withikonic
26%
'Get Like Me' from M&M was choreographed from...
Paris Goebel
5.3%
Double B's members are...
B.I adn Bobby
2.6%
Quiz Playlist
Details
Report
Send in Message
Add To Playlist
Classic:
Type in answers that appear in a list
Last Updated: May 14, 2018
Quiz Scoreboard
CHALLENGE
Sign Up to Join the Scoreboard
Show All
Scores
Hide
Comments
May contain spoilers
Recently Published
5x2 Blitz: Bands
by SL_Kpop136
Music
30s
Colored Red Africa Blitz
by spor1
Geography
30s
Find the 'City' Movie
by crazypaving
Movies
60s
More to Explore
Quiz From the Vault
Featured Blog Post
14 Easter Pick-up Lines to Find Eggs With
hide this ad
You Might Also Like...
Tags
Kpop Quiz
ikon
Kpop Idol
Kpop Quiz
Today's Top Quizzes in Music
Browse Music
hide this ad
Today's Top Quizzes in Kpop
Browse Kpop
Top Contributed Quizzes in Music
1
Taylor Swift All Songs (2024)
2
Taylor Swift Logic Puzzle
3
Guess the Artist- 70s Songs
4
7-to-1: Billboard Hot 100 #1 Hits of 2010s
5
Sorting Albums and Songs
6
KPOP LOGIC QUIZ
7
Billboard Blitz: Aretha Franklin
8
Guess the Taylor Swift song (Mystery Song)
9
Guess The Taylor Swift Lyrics Song #1
10
Billboard Blitz: ABBA
Explore More
Trending Topics
Kpop
Marvel
Disney
NBA
Harry Potter
Crossword
Anime
The Office
WWE
Country
Puzzle
Pokémon
NFL
Song
Soccer
hide this ad
More By:
CT13842
Quiz
Plays
Rating
Category
Featured
Created
Quiz on Kpop Companies/Labels
1,434
5.00
Entertainment
May 23, 2016
IKON Quiz
807
1.00
Music
Jun 1, 2017
Name of objects in school
18
1.00
Miscellaneous
May 25, 2016
Go to Creator's Profile
Score Distribution
Quiz Creator Spotlight
CT13842
Follow
Send a Message
Quizzes Created
-
Created Quiz Play Count
-
More By This Creator
Popular Quizzes Today
1
5x2 Blitz: Bands
2
Find the 'City' Movie
3
Find the US States - No Outlines Minefield
4
Colored Red Africa Blitz
5
The Countries of the World
6
Find the US States
7
Risky Map Clicking: Biggest States A-Z
8
9x9 Crossword: Cartoon Network
More Music Quizzes
Mega-Sorting Gallery: Classical Music
Editor's Pick
Trending Quizzes
Colored Red Africa Blitz II
Colored Red Europe Blitz I
Find the 'Dark' Movie
Find the 'Day' Movie
Find the 'Good' Movie
Recently Updated
Champions League XIs: Real Madrid
pecheneg
Largest US Cities 1790-2010
pecheneg
Rides in Walt Disney World
pecheneg
Most Oscar Losses (Acting)
pecheneg
Beyoncé Albums
pecheneg
Leaping Animals
pecheneg
Reality TV Shows (A-Z)
bhenderson79
Rickey Henderson's Hall of Fame Teammates
pecheneg
Champions League XIs: Arsenal
pecheneg
Quick Pick: Celebrities in WWE's Hall of Fame
aduchscher
Trending Topics
Kpop
Marvel
NBA
Disney
Harry Potter
Anime
Crossword
The Office
Soccer
Song
Country
Puzzle
NFL
Pokémon
WWE
Your Account Isn't Verified!
In order to create a playlist on Sporcle, you need to verify the email address you used during registration. Go to your
Sporcle Settings
to finish the process.
Report this User
Report this user for behavior that violates our
Community Guidelines
.
Details:
Send Report
Go to the Sporcle.com Mobile Site →
Comments